[Event "Reykjavik op"]
[Site "Reykjavik"]
[Date "2025.04.13"]
[Round "6"]
[White "Jameson, Micah K"]
[Black "Termeulen, Albert"]
[Result "0-1"]
[WhiteElo "1726"]
[BlackElo "1999"]
[PlyCount "139"]
[EventDate "2025.04.09"]
[EventType "swiss"]
[EventRounds "9"]
[EventCountry "ISL"]
[SourceTitle "CB17_2025"]
[SourceDate "2025.04.23"]
[SourceVersion "1"]
[SourceVersionDate "2025.04.23"]
[SourceQuality "1"]

1. e4 Nf6 2. Nc3 d6 3. d4 g6 4. Nf3 Bg7 5. Be2 0-0 6. 0-0 c6 7. a4 Qc7 8. h3 Nbd7 9. Be3 b6 10. Qd2 Bb7 11. Rfe1 a6 12. Bh6 e5 13. Bxg7 Kxg7 14. dxe5 dxe5 15. Qg5 h6 16. Qe3 b5 17. b4 Rfe8 18. Nh2 Rac8 19. Ng4 Nxg4 20. Bxg4 h5 21. Bxh5 gxh5 22. Qg5+ Kf8 23. Qh6+ Ke7 24. axb5 axb5 25. Re3 Qd6 26. Qg5+ Qf6 27. Qxh5 Rg8 28. Ra7 Rg5 29. Qd1 Rb8 30. Ne2 Nf8 31. Ng3 Ne6 32. Rd3 Kf8 33. Rf3 Qd8 34. Rd3 Qb6 35. Qa1 Nf4 36. Rf3 Rd8 37. Qa2 Bc8 38. Kh2 Be6 39. Qa1 Rd2 40. Ra8+ Rd8 41. Ra6 Qb7 42. Ra7 Qc8 43. Rxf4 exf4 44. Qh8+ Rg8 45. Qh6+ Ke8 46. Nh5 Rd7 47. Rxd7 Kxd7 48. Nf6+ Kc7 49. Qxf4+ Kb7 50. Nxg8 Qxg8 51. g4 Qd8 52. c3 Qd3 53. Qe3 Qd6+ 54. f4 Qd7 55. Kg3 Bc4 56. Kh4 Qd8+ 57. g5 Qe8 58. Qd4 Ba2 59. Kg4 Bb1 60. e5 Qe6+ 61. Kg3 Ba2 62. h4 Bd5 63. h5 Qf5 64. h6 Be6 65. Kf2 Qg4 66. Qe3 Bd5 67. Qg3 Qd1 68. Qh2 Qf3+ 69. Kg1 Qxc3 70. g6 0-1

[Event "Reykjavik op"]
[Site "Reykjavik"]
[Date "2025.04.13"]
[Round "7"]
[White "Tomasdottir, Katrin Osk"]
[Black "Jameson, Micah K"]
[Result "1-0"]
[WhiteElo "1485"]
[BlackElo "1726"]
[PlyCount "45"]
[EventDate "2025.04.09"]
[EventType "swiss"]
[EventRounds "9"]
[EventCountry "ISL"]
[SourceTitle "CB17_2025"]
[SourceDate "2025.04.23"]
[SourceVersion "1"]
[SourceVersionDate "2025.04.23"]
[SourceQuality "1"]

1. d4 Nf6 2. c4 e6 3. Nc3 Bb4 4. Nf3 b6 5. Bg5 Bb7 6. e3 h6 7. Bxf6 Qxf6 8. Be2 Nc6 9. 0-0 Bxc3 10. bxc3 0-0-0 11. Qa4 Kb8 12. Rab1 g5 13. c5 g4 14. Nd2 Qg6 15. Ba6 Na5 16. Bxb7 Kxb7 17. Qxa5 h5 18. Nc4 Qd3 19. cxb6 axb6 20. Nxb6 Kc6 21. Qc5+ Kb7 22. Nc4+ Kc8 23. Nd6# 1-0

[Event "Reykjavik op"]
[Site "Reykjavik"]
[Date "2025.04.12"]
[Round "5"]
[White "Steingrimsson, Bjorgvin"]
[Black "Jameson, Micah K"]
[Result "0-1"]
[WhiteElo "1564"]
[BlackElo "1726"]
[PlyCount "81"]
[EventDate "2025.04.09"]
[EventType "swiss"]
[EventRounds "9"]
[EventCountry "ISL"]
[SourceTitle "CB17_2025"]
[SourceDate "2025.04.23"]
[SourceVersion "1"]
[SourceVersionDate "2025.04.23"]
[SourceQuality "1"]

1. e4 e5 2. Nf3 Nf6 3. Nc3 Nc6 4. Bc4 Nxe4 5. Qe2 Nxc3 6. dxc3 d6 7. Ng5 d5 8. Bb3 Be7 9. Nf3 e4 10. Nd4 0-0 11. Bf4 Bg5 12. Nxc6 bxc6 13. Bxg5 Qxg5 14. Rg1 Bg4 15. Qe3 Qxe3+ 16. fxe3 a5 17. a3 Rab8 18. Rb1 Rb6 19. Kd2 Be6 20. Rgf1 f5 21. g3 Rf6 22. Rf2 h5 23. h4 Kf7 24. Rg1 c5 25. Kc1 c4 26. Ba2 a4 27. Kb1 g5 28. hxg5 Rg6 29. g4 Rxg5 30. Rh1 hxg4 31. Rfh2 Kf6 32. Ka1 Ke5 33. Rd1 g3 34. Re2 Rb8 35. Bb1 Rh8 36. Rg1 f4 37. exf4+ Kxf4 38. b3 Rh2 39. Ree1 Rf2 40. bxa4 g2 41. Kb2 0-1